000
00210 a2200097 4500
001
14797
100
_a
Fazil
245
_a
Silsial dar Pehli kitab
260
_a
Karachi
_b
Iqbal Academy
_c
090
_c
11576
_d
11576
942
_a
NUST-CAE
_c
M
_c
1754
999
_c
249870
_d
249870